000 00454nam a2200157Ia 4500
999 _c18575
_d18575
003 OSt
005 20200619113509.0
008 190216s9999||||xx |||||||||||||| ||und||
040 _coclc
082 _a954
_bMAJ/A
100 _aMajumdar, R C
_93013
245 0 _aAn Advanced History Of India /
_cR C Majumdar
260 _bSterling Publications,
_aNew Delhi:
_c1981.
300 _a1088p
942 _cBK
_2ddc
_h954
_iMAJ/A
_k954
_mMAJ/A